Άτλας της μουσικής : ιστορικό μέρος : από το μπαρόκ έως σήμερα. τόμος ΙΙ /
Ο Άτλας της Μουσικής επιχειρεί να καλύψει με συνέπεια τον ευρύ και πολύμορφο κόσμο της μουσικής από την Αρχαιότητα έως τις μέρες μας σε δύο καλαίσθητους και πρακτικούς τόμους. Ο πρώτος τόμος περιλαμβάνει το συστηματικό και θεωρητικό μέρος της μουσικής και αναφέρεται στην ιστορία της από τα πρώτα μου...
Đã lưu trong:
| Tác giả chính: | |
|---|---|
| Tác giả của công ty: | |
| Tác giả khác: | , , |
| Định dạng: | Sách |
| Ngôn ngữ: | Greek German |
| Được phát hành: |
Αθήνα :
Φίλιππος Νάκας,
1995
|
| Những chủ đề: |
| LEADER | 03677namaa2200397 4500 | ||
|---|---|---|---|
| 001 | main_24815 | ||
| 003 | GR-kkKDBK | ||
| 005 | 20211222184138.0 | ||
| 006 | a|||||r||||||||||| | ||
| 008 | 090525s1995uuuugr#a|||grb||| 001|0 gre d | ||
| 020 | |a 960-290-188-8 | ||
| 040 | |a GR-kkKDBK |b gre |d GR-kkKDBK |e AACR2 | ||
| 041 | 1 | |a gre |h ger | |
| 082 | 0 | |a 781 | |
| 100 | 1 | |4 aut |a Michels, Ulrich |9 4732 | |
| 245 | 1 | 0 | |a Άτλας της μουσικής : |b ιστορικό μέρος : από το μπαρόκ έως σήμερα. |n τόμος ΙΙ / |c Ulrich Michels ; σχέδια Gunther Vogel ; μετάφραση από τα γερμανικά Ινστιτούτο Έρευνας Μουσικής & Ακουστικής (Ι.Ε.Μ.Α.) ; υπεύθυνοι εργασίας Κώστας Μόσχος, Παναγιώτης Βλαγκόπουλος |
| 260 | |a Αθήνα : |b Φίλιππος Νάκας, |c 1995 | ||
| 300 | |a τ. : |b εικ. ; |c 21 εκ. | ||
| 500 | |a Η βιβλιοθήκη έχει μόνο τον δεύτερο τόμο | ||
| 504 | |a Περιλαμβάνει βιβλιογραφία, πηγές σ.560-565 και ευρετήριο ονομάτων, εννοιών και όρων σ.566-591 | ||
| 520 | |a Ο Άτλας της Μουσικής επιχειρεί να καλύψει με συνέπεια τον ευρύ και πολύμορφο κόσμο της μουσικής από την Αρχαιότητα έως τις μέρες μας σε δύο καλαίσθητους και πρακτικούς τόμους. Ο πρώτος τόμος περιλαμβάνει το συστηματικό και θεωρητικό μέρος της μουσικής και αναφέρεται στην ιστορία της από τα πρώτα μουσικά βήματα των αρχαίων χρόνων έως την Αναγέννηση. Ο δεύτερος, ανά χείρας, τόμος καλύπτει τη μουσική δημιουργία από το Μπαρόκ έως τις μέρες μας, καθώς επίσης και τις σύγχρονες τάσεις και τεχνοτροπίες που επικράτησαν τις τελευταίες δεκαετίες του αιώνα μας. Στο τέλος παρατίθεται συνολικό και εκτενές αλφαβητικό ευρετήριο και των δύο τόμων, που καταξιώνει το έργο ως λεξικό και βιβλίο αναφοράς. | ||
| 650 | 4 | |a Μουσική |x Εγκυκλοπαίδειες και λεξικά |9 66936 | |
| 650 | 7 | |a Μουσική |x Θεωρία |9 62337 | |
| 650 | 4 | |a Μουσική |x Ιστορία και κριτική |9 63340 | |
| 650 | 4 | |a Μουσική |x Μέτρο και ρυθμός |9 54646 | |
| 700 | 1 | |4 edt |a Βλαγκόπουλος, Παναγιώτης |9 4737 | |
| 700 | 1 | |4 edt |a Μόσχος, Κώστας |9 4736 | |
| 700 | 1 | |4 ill |a Vogel, Gunther |9 4733 | |
| 700 | 1 | |a Michels, Ulrich |t Άτλας της μουσικής : ιστορικό μέρος |9 94470 | |
| 710 | 2 | |4 pbl |a Νάκας |9 27605 | |
| 710 | 2 | |4 trl |a Ινστιτούτο Έρευνας Μουσικής Και Ακουστικής |9 27606 | |
| 942 | |c BK | ||
| 999 | |c 25752 |d 25752 | ||
| 952 | |0 0 |1 0 |4 0 |6 781_000000000000000_MIC |7 0 |9 36967 |a KDBK |b KDBK |d 2009-05-25 |h τ.2 |i 03142009 |l 7 |m 1 |o 781 MIC |p 03142009 |r 2019-06-21 |s 2019-05-16 |w 2019-04-28 |y BK | ||
| 952 | |0 0 |1 0 |4 0 |6 781_000000000000000_MIC |7 0 |9 36968 |a KDBK |b KDBK |d 2009-05-25 |h τ.2 |i 03152009 |l 6 |o 781 MIC |p 03152009 |r 2019-04-28 |w 2019-04-28 |y BK | ||
| 952 | |0 0 |1 0 |2 ddc |4 0 |6 781_000000000000000_MIC |7 1 |9 36969 |a KDBK |b KDBK |c CS |d 2009-05-25 |i 48652016 |o 781 MIC |p 48652016 |r 2019-04-28 |w 2019-04-28 |y BK | ||